Sports Quiz

Random Sports or NFL Quiz

NFL Teams in Other Words Quiz Stats

 Plays Quiz not verified by Sporcle

Support Sporcle.
Go Orange.
Score 0/32 Timer 03:00
0 Plays Today
Other Words NFL Team % Correct
Small Red BirdsArizona Cardinals
86.4%
Gold RushersSan Francisco 49ers
86.4%
Big Black CatsCarolina Panthers
86.1%
High-Speed AircraftsNew York Jets
85%
Big DudesNew York Giants
82.9%
Proud AmericansNew England Patriots
82.5%
Black BirdsBaltimore Ravens
80.4%
PiratesTampa Bay Buccaneers
80.4%
Male SheepSt Louis Rams
80.4%
Marine Birds of PreySeattle Seahawks
80.4%
Baby HorsesIndianapolis Colts
79.3%
Lone Star StatersHouston Texans
78.6%
Fast Birds of PreyAtlanta Falcons
76.8%
Aggressive HorsesDenver Broncos
76.4%
Norse PillagersMinnesota Vikings
75.7%
Tribal LeadersKansas City Chiefs
75.7%
Other Words NFL Team % Correct
Catholic Miracle WorkersNew Orleans Saints
74.3%
Large Birds of PreyPhiladelphia Eagles
73.9%
Panthera leoDetroit Lions
70.4%
Electrical GeneratorsSan Diego Chargers
69.3%
Racial SlursWashington Redskins
64.6%
Meat Storage TechniciansGreen Bay Packers
63.9%
MudsCleveland Browns
63.6%
Panthera Tigris TigrisCincinnati Bengals
63.6%
MetalergistsPittsburgh Steelers
62.9%
Greek MythsTennessee Titans
62.5%
LootersOakland Raiders
56.1%
GauchosDallas Cowboys
55.7%
Panthera OncaJacksonville Jaguars
55.4%
Large OmnivorsChicago Bears
45.7%
Tursiops TruncatusMiami Dolphins
35.7%
Wild West Folk HeroesBuffalo Bills
33.2%

You're not logged in!

Compare scores with friends on all Sporcle quizzes.
OR
Log In

From the Vault

'Here' and 'There' Song Titles

by JoeBeta

Where is here and where is there? It's all relative.
Remove Ads.
Support Sporcle.
Get the best of Sporcle when you Go Orange. This ad-free experience offers more features, more stats, and more fun while also helping to support Sporcle. Thank you for becoming a member.

Show Comments

Extras

Created Feb 10, 2011ReportNominate
Tags:NFL Quiz, In Other Words, team

Top Quizzes Today


Score Distribution

Your Account Isn't Verified!

In order to create a playlist on Sporcle, you need to verify the email address you used during registration. Go to your Sporcle Settings to finish the process.

Report this User

Report this user for behavior that violates our Community Guidelines.

Details: